000
00334nam a22001457a 4500
020
_a
817198052x
082
_a
657 MON
100
_a
MONGA, J.R.
245
_a
Financial Accounting
250
_a
Sixteenth
260
_a
New Delhi
_b
Malik and Sons
_c
2001
300
_a
320P
_b
ill.;20CM
650
_a
Financial Accounting
942
_c
BK
999
_c
16437
_d
16437